|
|
|
|
| LEADER |
00000n m0a2200000 4500 |
| 001 |
159546 |
| 005 |
20231031155211.0 |
| 035 |
|
|
|a (RuTPU)RU\TPU\book\173052
|
| 090 |
|
|
|a 159546
|
| 100 |
|
|
|a 20090512d1977 m y0rusy50 ca
|
| 101 |
0 |
|
|a rus
|
| 102 |
|
|
|a RU
|
| 105 |
|
|
|a c g 001zd
|
| 200 |
1 |
|
|a Физики
|e биографический справочник
|f Ю. А. Храмов
|g отв. ред. А. И. Ахиезер
|
| 210 |
|
|
|a Киев
|c Наукова думка
|d 1977
|
| 215 |
|
|
|a 508 с.
|c портр.
|
| 320 |
|
|
|a Хронология: с. 401-485
|
| 320 |
|
|
|a Литература: с. 486-491
|
| 320 |
|
|
|a Физики-лауреаты Нобелевской премии по физике: с. 492-496
|
| 320 |
|
|
|a Физики и физико-химики-лауреаты Нобелевской премии по химии: с. 497-498
|
| 320 |
|
|
|a Список персоналий: с. 499-508.
|
| 610 |
1 |
|
|a физики
|
| 610 |
1 |
|
|a биографии
|
| 610 |
1 |
|
|a словари
|
| 610 |
1 |
|
|a справочники
|
| 675 |
|
|
|a 53(092)(035)
|v 4
|
| 700 |
|
1 |
|a Храмов
|b Ю. А.
|g Юрий Алексеевич
|
| 702 |
|
1 |
|a Ахиезер
|b А. И.
|4 340
|
| 801 |
|
1 |
|a RU
|b 63413507
|c 20090512
|g PSBO
|
| 801 |
|
2 |
|a RU
|b 63413507
|c 20191011
|g RCR
|
| 942 |
|
|
|c BK
|